Empleo, crecimiento y equidad: los retos de las reformas económicas de finales del siglo XX en Costa Rica. I parte: Reformas económicas y sociales /
Guardat en:
| Autor principal: | |
|---|---|
| Format: | Desconegut |
| Publicat: |
San José:
Editorial de la Universidad de Costa Rica
|
| Matèries: | |
| Etiquetes: |
Afegir etiqueta
Sense etiquetes, Sigues el primer a etiquetar aquest registre!
|
MARC
| LEADER | 00000 a2200000 04500 | ||
|---|---|---|---|
| 001 | 18791 | ||
| 003 | |||
| 008 | 991231s d | ||
| 040 | |||
| 090 | |a 144401 | ||
| 100 | |a Ulate Quirós, Anabelle | ||
| 245 | |a Empleo, crecimiento y equidad: los retos de las reformas económicas de finales del siglo XX en Costa Rica. I parte: Reformas económicas y sociales / |c Anabelle Ulate Quirós | ||
| 260 | |a San José: |b Editorial de la Universidad de Costa Rica | ||
| 300 | |a 559 p. | ||
| 650 | |a REFORMA ECONOMICA | ||
| 650 | |a EMPLEO | ||
| 650 | |a EQUIDAD SOCIAL | ||
| 650 | |a IGUALDAD DE OPORTUNIDADES | ||
| 650 | |a CRISIS | ||
| 999 | |c 2419 |d 2419 | ||
